Normal view
MARC view
Entry Topical Term
001 - CONTROL NUMBER
- control field: 235977
003 - CONTROL NUMBER IDENTIFIER
- control field: OSt
005 - DATE AND TIME OF LATEST TRANSACTION
- control field: 20250816115437.0
008 - FIXED-LENGTH DATA ELEMENTS
- fixed length control field: 250816|| aca||aabn | a|a d
040 ## - CATALOGING SOURCE
- Original cataloging agency: OSt
- Transcribing agency: OSt
150 ## - HEADING--TOPICAL TERM
- Topical term or geographic name entry element: Kannada Fiction
670 ## - SOURCE DATA FOUND
- Source citation: Work cat.: (OSt)104560: PRABHU (M S K) ಪ್ರಭು (ಎಂ ಎಸ್ ಕೆ 235975, Shodha., 2000